|
|
|
|
| LEADER |
01766nam a2200469 i 4500 |
| 001 |
nkc20152702521 |
| 003 |
CZ PrNK |
| 005 |
20150714100701.0 |
| 007 |
ta |
| 008 |
150526s2015 xr a e f 000 0 cze |
| 015 |
|
|
|a cnb002702521
|
| 020 |
|
|
|a 978-80-905552-8-0
|q (kroužková vazba)
|
| 035 |
|
|
|a (OCoLC)918011838
|
| 040 |
|
|
|a BOA001
|b cze
|d OLA001
|e rda
|
| 072 |
|
7 |
|a 005
|x Management. Řízení
|2 Konspekt
|9 4
|
| 080 |
|
|
|a 005.95/.96
|2 MRF
|
| 080 |
|
|
|a 005.73
|2 MRF
|
| 080 |
|
|
|a 331:316.8
|2 MRF
|
| 080 |
|
|
|a (035)
|2 MRF
|
| 100 |
1 |
|
|a Benešová, Jana,
|d 1984-
|7 mzk2011660250
|4 aut
|
| 245 |
1 |
0 |
|a Střihněte si originální zaměstnanecký benefit /
|c autorský tým: Jana Benešová, Věra Duschková, Ivana Sulovská
|
| 264 |
|
1 |
|a [Liberec] :
|b Centrum Kašpar,
|c [2015?]
|
| 300 |
|
|
|a 37 stran :
|b ilustrace (některé barevné) ;
|c 21 x 22 cm
|
| 336 |
|
|
|a text
|b txt
|2 rdacontent
|
| 337 |
|
|
|a bez média
|b n
|2 rdamedia
|
| 338 |
|
|
|a svazek
|b nc
|2 rdacarrier
|
| 504 |
|
|
|a Obsahuje bibliografii a bibliografické odkazy
|
| 650 |
0 |
7 |
|a personální management
|7 ph115721
|2 czenas
|
| 650 |
0 |
7 |
|a kultura organizace
|7 ph135313
|2 czenas
|
| 650 |
0 |
7 |
|a slaďování rodinného a pracovního života
|7 ph860973
|2 czenas
|
| 650 |
0 |
9 |
|a personnel management
|2 eczenas
|
| 650 |
0 |
9 |
|a corporate culture
|2 eczenas
|
| 650 |
0 |
9 |
|a work-life balance
|2 eczenas
|
| 655 |
|
7 |
|a příručky
|7 fd133209
|2 czenas
|
| 655 |
|
9 |
|a handbooks and manuals
|2 eczenas
|
| 700 |
1 |
|
|a Duschková, Věra,
|d 1973-
|7 mzk2015876709
|4 aut
|
| 700 |
1 |
|
|a Sulovská, Ivana,
|d 1975-
|7 mzk2015876710
|4 aut
|
| 910 |
2 |
|
|a BOA001
|b 2-1349.288
|
| 990 |
|
|
|a BK
|
| 995 |
|
|
|a 01
|
| 991 |
|
|
|b 201507
|c NOV
|e n
|
| 996 |
6 |
|
|b 2610635883
|c 2-1349.288
|l MZK
|r Sklad / do 1 hodiny
|n 9
|p p.v.
|w 001510302
|u 000010
|a 1
|e BOA001
|j MZK50
|s P
|